| 000 | 00889nac a22001931u 4500 | ||
|---|---|---|---|
| 020 | _a0471110264 | ||
| 082 |
_a307.12160973 _bS3582 |
||
| 090 |
_c3170 _d3170 |
||
| 100 | _aSchneekloth, Lynda H. | ||
| 245 |
_aPlacemaking : _b the art and practice of building communities / _c Lynda H. Schneekloth and Robert G. Shibley. |
||
| 260 |
_aNew York : _bJohn Wiley,1995. _c1995. |
||
| 300 |
_axvi,263p. : _b ill., facsims.,plans,ports. ; _c 26cm |
||
| 504 | _aIncludes bibliography: p.241-248 and index. | ||
| 650 |
_aCity planning. _x Case studies _z United States |
||
| 650 |
_aCommunity development, Urban _x Case studies _z United States |
||
| 650 |
_aArchitects and community _x Case studies. _z United States |
||
| 942 |
_cBB _k307.12160973 S3582 |
||
| 999 |
_c3170 _d3170 |
||